[Event "FIDE Chesscom Grand Swiss 2021"]
[Site "Riga"]
[Date "2021.11.03"]
[Round "7.12"]
[White "Donchenko, Alexander"]
[Black "Vitiugov, Nikita"]
[Result "0-1"]
[WhiteElo "2648"]
[BlackElo "2727"]
[Annotator "TA"]
[PlyCount "110"]
[EventDate "2021.10.27"]
[EventType "swiss"]
[EventCountry "LAT"]
[Tiebreak "Cut1 Buchholz+Sonneborn-Berger (Swiss)"]
[SourceTitle "playchess.com"]
[Source "ChessBase"]
[SourceQuality "1"]

{[%evp 9,110,0,0,0,8,10,6,10,11,14,18,14,18,16,18,16,16,15,23,24,27,6,6,6,6,6,
10,3,10,0,0,0,0,-2,0,-30,11,0,0,0,0,0,0,-37,0,-86,-94,-185,-166,-175,-172,-152,
-166,-155,-126,-133,-142,-105,-112,-243,-228,-240,-214,-327,-317,-294,-306,
-276,-289,-279,-308,-335,-335,-335,-334,-330,-328,-321,-318,-299,-299,-476,
-483,-477,-480,-423,-425,-500,-487,-763,-795,-848,-816,-828,-792,-816,-801,
-1095,-995,-878,-772,-630,-536]} 1. c4 e5 2. Nc3 Nf6 3. Nf3 Nc6 4. e4 Bb4 5. d3
d6 6. a3 {A28: English Opening: Four Knights Variation.} Bc5 {Threatening ...
Ng4.} 7. b4 Bb6 8. Be3 {The position is equal.} Bxe3 9. fxe3 O-O 10. Be2 Ne7
11. O-O Ng6 {[#]} 12. a4 $146 ({Predecessor:} 12. Qd2 Re8 13. Rae1 a5 14. b5 c6
15. Bd1 h6 16. d4 Qe7 17. Bc2 Bd7 18. d5 cxb5 19. cxb5 {0-1 (46) Caruana,F 
(2800)-So,W (2778) Saint Louis 2021}) 12... a5 13. b5 Qe7 14. Qe1 c6 15. Nh4
Nxh4 16. Qxh4 Re8 17. Rab1 Be6 18. Rb2 Rac8 19. Qg3 d5 20. bxc6 bxc6 21. Qxe5 {
[%cal Re4d5]} dxc4 22. dxc4 Qa7 23. Qg3 Nd7 24. e5 Nc5 25. Rd2 Rb8 26. Rd4 Rb2
(26... Rb3 $5 {[%cal Rb3c3]} 27. Ne4 Nxe4 28. Rxe4 Ra3 $15) 27. Bf3 {[#]} (27.
Qf3 $11 {keeps the balance.}) 27... Nb3 $1 $17 {[%cal Rb3d4]} 28. c5 (28. Nd1
$17 Nxd4 29. Nxb2 Nxf3+ 30. Qxf3) 28... Nxd4 $19 29. exd4 Qd7 30. Rd1 Bb3 $36 {
[%mdl 2048] Black is in control.} 31. Rd3 Bc2 32. Rd2 {[#]} Reb8 $1 33. e6 fxe6
34. Qd6 {White does not recover from this.} (34. d5 $17 Bf5 35. Rxb2 Rxb2 36.
d6) 34... Qxd6 35. cxd6 Kf8 36. Bxc6 (36. Rf2 {keeps fighting.} Bf5 37. Rf1)
36... Bf5 37. Rxb2 Rxb2 {[%mdl 4096] Endgame KRB-KBN} 38. Nb5 Rd2 39. h3 Kf7
40. g4 Bc2 41. d7 Ke7 42. Nd6 Rxd4 43. Nb7 Bd3 44. Kf2 {Hoping for Ke3.} Ba6 {
White must now prevent ...Bxb7.} 45. Nc5 {[#]} (45. d8=Q+ $142 Rxd8 46. Nxd8
Kxd8 47. h4) 45... Rd6 $1 {Black is clearly winning.} 46. Be4 (46. d8=R Kxd8)
46... h6 47. Ke3 Bc4 48. Bb7 Bd5 49. h4 (49. Ba6 $142) 49... Bxb7 {[%mdl 64]
Overworked Piece} 50. Nxb7 Rxd7 51. Nxa5 {KR-KN} e5 52. Ke4 Ke6 53. Nc6 Rd1 54.
a5 Re1+ 55. Kd3 Kd6 {Weighted Error Value: White=0.32/Black=0.02} 0-1

[Event "FIDE Chesscom Grand Swiss 2021"]
[Site "Riga"]
[Date "2021.11.03"]
[Round "7.13"]
[White "Harikrishna, Pentala"]
[Black "Chigaev, Maksim"]
[Result "1-0"]
[WhiteElo "2719"]
[BlackElo "2639"]
[Annotator "TA"]
[PlyCount "61"]
[EventDate "2021.10.27"]
[EventType "swiss"]
[EventCountry "LAT"]
[Tiebreak "Cut1 Buchholz+Sonneborn-Berger (Swiss)"]
[SourceTitle "playchess.com"]
[Source "ChessBase"]
[SourceQuality "1"]

{[%evp 16,61,9,0,21,18,49,51,50,33,46,40,51,52,36,39,48,58,66,40,41,20,23,26,
22,12,29,24,16,0,0,0,1,0,496,471,727,750,1329,1366,1335,1327,1265,1214,1179,
1126,1442,1395]} 1. d4 Nf6 2. c4 g6 3. Nc3 d5 4. cxd5 Nxd5 5. e4 Nxc3 6. bxc3
Bg7 7. Nf3 c5 8. h3 O-O 9. Be2 b5 {D85: Exchange Grünfeld: Unusual White 7th
moves and lines with 7 Nf3.} 10. O-O {[#]} ({Much weaker is} 10. Bxb5 Qa5 $17)
10... cxd4 $146 ({Predecessor:} 10... b4 11. cxb4 cxb4 12. Be3 Nd7 13. a3 Bb7
14. Qb1 a5 15. axb4 axb4 16. Rxa8 Bxa8 17. Bd3 {0-1 (60) Svane,R (2570)
-Swiercz,D (2645) Moscow 2017}) 11. cxd4 Bb7 {White is slightly better.} 12.
Qd3 b4 13. Bf4 Ba6 14. Qe3 Bxe2 15. Qxe2 a5 16. Rac1 Qb6 17. d5 a4 18. Be5 Bxe5
19. Nxe5 b3 {Threatening ...b2.} 20. axb3 Qxb3 21. Qd2 a3 22. Ra1 a2 23. Rfe1
Rc8 24. Qf4 f6 {[%mdl 8192] [#]} (24... Rf8 $11 {and Black is okay.}) 25. Qg4
$1 $18 {White is clearly winning.} Qc3 (25... Na6 $142 26. Nxg6 hxg6) 26. Qe6+
Kh8 27. Nf7+ Kg7 {[#]} 28. Nd8 $1 {[%mdl 576] Decoy} Rxd8 29. Qxe7+ {[%mdl 64]
Double Attack} Kh6 30. Qxd8 Qe5 31. d6 {Weighted Error Value: White=0.05/
Black=0.52} 1-0

[Event "FIDE Chesscom Grand Swiss 2021"]
[Site "Riga"]
[Date "2021.11.03"]
[Round "7.14"]
[White "Swiercz, Dariusz"]
[Black "Fedoseev, Vladimir"]
[Result "0-1"]
[WhiteElo "2647"]
[BlackElo "2704"]
[Annotator "TA"]
[PlyCount "124"]
[EventDate "2021.10.27"]
[EventType "swiss"]
[EventCountry "LAT"]
[Tiebreak "Cut1 Buchholz+Sonneborn-Berger (Swiss)"]
[SourceTitle "playchess.com"]
[Source "ChessBase"]
[SourceQuality "1"]

{[%evp 16,124,22,9,18,22,14,0,12,6,14,13,22,5,31,0,0,0,43,18,33,35,52,17,53,29,
34,17,17,0,61,59,40,50,119,46,153,72,100,60,45,26,56,0,0,11,43,-4,0,0,47,45,41,
27,25,21,23,0,0,0,0,-43,-44,-59,-59,-60,-60,-62,-67,-100,-105,-101,-105,-274,
-262,-254,-252,-318,-318,-318,-316,-316,-305,-316,-302,-252,-154,-294,-221,
-29957,-29957,-29957,-29961,-29962,-29954,-29962,-29961,-29963,-29966,-29977,
-29978,-29978,-29979,-29979,-29978,-29980,-29981,-29981,-29982,-29982,-29982]} 
1. e4 c5 2. Nf3 d6 3. d4 cxd4 4. Nxd4 Nf6 5. Nc3 a6 6. Bg5 e6 7. f4 h6 8. Bh4
Qb6 9. a3 Nbd7 $1 {[%mdl 4] now scores much better than the old 9...Be7. B96:
Sicilian Najdorf: 6 Bg5 e6 7 f4, lines other than 7...Qb6 and 7...Be7.} (9...
Qxb2 $2 10. Na4 $18) 10. Bf2 Qc7 ({Not} 10... Qxb2 $2 11. Na4 $18) 11. Bd3 {[#]
} e5 $5 $146 {[%mdl 8] The position is equal. New and interesting.} ({
Predecessor:} 11... b5 12. Qe2 Bb7 13. O-O-O Be7 14. Kb1 g6 15. Rhe1 Nc5 16. g4
g5 17. fxg5 hxg5 {1-0 (54) Swiercz,D (2655)-Xiong,J (2710) Saint Louis 2021})
12. Nde2 b5 13. O-O Bb7 14. Qd2 Be7 15. Kh1 Rd8 16. Rae1 g6 17. Bg1 h5 18. h3
Kf8 19. Bh2 (19. f5 $5 {[%cal Rf5g6]} g5 20. Be3 $11 (20. Qxg5 Nxe4 {[%mdl 64]
Discovered Attack} 21. Qc1 Nef6 $17)) 19... Kg7 20. f5 Qc8 21. fxg6 fxg6 22.
Nd5 Rde8 (22... Nxd5 $11 23. exd5 Nc5) 23. Nxe7 $14 Rxe7 24. Qg5 {aiming for
Nd4!} Rf7 {[#]} (24... Rf8 $1 $14) 25. Ng3 ({Better is} 25. Nd4 $1 $16 {
[%cal Rd4f5][%mdl 512] Strongly threatening Nf5+.} Kh7 26. Nf3) 25... Qf8 (
25... Kh7 $14) 26. Bg1 ({Don't take} 26. Nf5+ $6 Kh7 $14) (26. a4 $142 $1)
26... Kh7 27. Be3 Qg7 $1 28. Rf2 h4 29. Qxh4+ Kg8 30. Qg5 {Threatens to win
with Ref1.} Nf8 $1 {[%cal Rf8e6] Black wants to play ...Ne6.} 31. Ne2 (31. Ref1
$5 {[%cal Rf2f6]} Ne6 32. Qxf6 Rxf6 33. Rxf6 $14) 31... Ne6 32. Qg3 Nxe4 33.
Bxe4 Bxe4 34. Nc3 Rxf2 35. Qxf2 Bb7 {...Rxh3+ is the strong threat.} 36. Qg3 (
36. Kh2 {feels hotter.} d5 37. Bd2 e4 38. Kg1 g5 39. Ne2) 36... Qf6 37. Kg1 {
Hoping for Rf1.} Rh5 38. Rf1 Rf5 39. Rxf5 Qxf5 40. Qf2 d5 {And now ...d4 would
win.} 41. Qxf5 gxf5 $15 {[%mdl 4096] Endgame KBN-KBN} 42. Ne2 d4 43. Bd2 f4 44.
c3 $2 {This costs White the game.} (44. Nc1 $17 {was necessary.}) 44... d3 $19
45. Nc1 {[#]} Nc5 46. b4 Ne4 47. Nxd3 Nxd2 48. Nxe5 Be4 49. Nd7 Kf7 50. Nc5 Bd5
51. Nxa6 (51. Nd3 $17) 51... Ne4 52. Nc5 $2 (52. Nc7 $19 Bc6 53. h4) 52... Nxc5
{Black mates.} 53. bxc5 {KB-KP} Ke6 54. Kf2 Kd7 55. g3 fxg3+ 56. Kxg3 Kc6 57.
Kf2 Kxc5 58. Ke3 Kc4 59. Kd2 {[#]} Be4 $1 {[%cal Re4g6]} 60. h4 Bf5 61. h5 Bh7
62. h6 Bg6 {Weighted Error Value: White=0.34/Black=0.13} 0-1

[Event "FIDE Chesscom Grand Swiss 2021"]
[Site "Riga"]
[Date "2021.11.03"]
[Round "7.15"]
[White "Bluebaum, Matthias"]
[Black "Maghsoodloo, Parham"]
[Result "0-1"]
[WhiteElo "2640"]
[BlackElo "2701"]
[Annotator "TA"]
[PlyCount "118"]
[EventDate "2021.10.27"]
[EventType "swiss"]
[EventCountry "LAT"]
[Tiebreak "Cut1 Buchholz+Sonneborn-Berger (Swiss)"]
[SourceTitle "playchess.com"]
[Source "ChessBase"]
[SourceQuality "1"]

{[%evp 10,118,14,7,20,27,29,29,27,13,18,18,11,8,52,0,0,0,0,0,0,0,12,-2,0,-8,62,
60,79,77,100,95,89,0,0,0,53,9,12,14,12,20,87,0,0,-75,-75,-75,-67,-69,-60,-75,
-78,-78,-78,-83,-39,-58,-26,-114,-114,-110,-116,-112,-89,-115,-94,-115,-111,
-118,-118,-111,-104,-151,-144,-144,-126,-122,-119,-125,-102,-115,-112,-104,
-100,-135,-119,-224,-231,-465,-435,-565,-100,-5132,-5118,-4134,-5132,-5129,
-5129,-5114,-5114,-906,-178,-545,-542,-543,-475,-668,-656,-29985,-29986]} 1. d4
d5 2. c4 e6 3. Nc3 Bb4 4. a3 Bxc3+ 5. bxc3 Nf6 6. e3 c6 {E40: Nimzo-Indian:
Rubinstein (4 e3): Unusual Black 4th moves.} 7. a4 O-O 8. Ba3 {8.Nf3 is not
played anymore.} Re8 {White has an edge.} 9. Nf3 {[#]} Qc7 $1 $146 {[%mdl 8] A
top novelty.} ({Predecessor:} 9... b6 10. Bd3 Ba6 11. Ne5 c5 12. O-O Qc7 13.
Rc1 dxc4 14. Nxc4 Nbd7 15. Nd6 Qxd6 16. Bxa6 {1-0 (52) Korobov,A (2690)-Anton
Guijarro,D (2658) Ciudad Real 2021}) 10. Rc1 Nbd7 11. Be2 a6 12. Qb3 ({White
should try} 12. c5 $14) 12... dxc4 $11 13. Qxc4 b5 14. axb5 axb5 15. Qb3 e5 16.
c4 exd4 17. Nxd4 b4 (17... bxc4 $11 18. Bxc4 Ne5) 18. Bxb4 $14 Rb8 19. Qa3 {
Hoping for Bd6.} Rxb4 {[%mdl 64] Remove Defender, Decoy} 20. Qxb4 {Threatens
to win with 0-0.} c5 21. Qb2 ({White should play} 21. Nb5 $16 Qb7 22. Qa5 Qxg2
23. Rf1) 21... cxd4 $11 22. exd4 Nh5 (22... Qa5+ $11 23. Qd2 Qxd2+ 24. Kxd2
Ne4+ 25. Kc2 Nxf2) 23. O-O Nf4 24. Rfe1 Qa5 $1 25. Kf1 Ba6 (25... Re4 $11) 26.
Ra1 (26. g3 $16 Nxe2 27. Rxe2) 26... Qf5 $40 {[%cal Rf5e4][%mdl 128] Black
attacks.} ({Of course not} 26... Qg5 27. g3 $16) 27. Bf3 ({Not} 27. Rxa6 $2 Nd3
$19) (27. Qd2 $11 {remains equal.} Re6 28. Ra5) 27... Bxc4+ $17 28. Kg1 Rf8 29.
Qb7 g6 30. Ra8 Rxa8 31. Qxa8+ Kg7 32. Qe4 Qg5 {aiming for ...Nh3+.} (32... Qxe4
{is interesting.} 33. Bxe4 Ne2+ 34. Kh1 Nf6 35. Bb7 Nxd4 36. Rd1 Nb3) 33. Qe3
Qf6 (33... Qa5 {is more complex.} 34. Rc1 Nd5 35. Qe1 Qa6 36. h4 N5f6) 34. d5 (
34. Rc1 $11 {keeps the balance.} Be6 35. Rc7) 34... Bxd5 35. Bxd5 Nxd5 36. Qd2
N7b6 37. Re4 Nc3 38. Re1 Nbd5 39. Qd3 h5 40. h3 h4 41. Re8 Nf4 42. Qe3 Ne6 43.
Ra8 Nd5 44. Qc1 Nec7 45. Ra3 Nb5 46. Ra8 Ndc7 (46... Ne7 {seems wilder.} 47.
Qe1 Nd4 48. Ra4 Nef5 49. Qe4 Kh7) 47. Rb8 Qe5 48. Rd8 (48. Kh1 $17 {was worth
a try.}) 48... Nc3 $19 49. Qd2 (49. Kh1) 49... N7d5 50. Ra8 Nb6 $2 (50... Ne2+
$19 51. Kh1 Ndc3) 51. Ra6 $2 {[%mdl 8192] Loses the game.} (51. Rd8 $17) 51...
Nc4 52. Qd8 {[#]} Ne2+ $1 53. Kf1 Nd4 {( -> ...Nd2+)} 54. Ra2 Qe4 {[%cal Re4b1]
} 55. Kg1 Qb1+ 56. Kh2 {[#]} Nf3+ {[%mdl 512]} 57. gxf3 {White threatens Ra8
and mate.} Qxa2 58. Qd4+ (58. Qxh4 $142 Qe2 59. Kg3) 58... f6 59. Qxh4 Ne3 {
Weighted Error Value: White=0.56/Black=0.30} 0-1

[Event "FIDE Chesscom Grand Swiss 2021"]
[Site "Riga"]
[Date "2021.11.03"]
[Round "7.16"]
[White "Xiong, Jeffery"]
[Black "Shevchenko, Kirill"]
[Result "0-1"]
[WhiteElo "2700"]
[BlackElo "2632"]
[Annotator "TA"]
[PlyCount "84"]
[EventDate "2021.10.27"]
[EventType "swiss"]
[EventCountry "LAT"]
[Tiebreak "Cut1 Buchholz+Sonneborn-Berger (Swiss)"]
[SourceTitle "playchess.com"]
[Source "ChessBase"]
[SourceQuality "1"]

{[%evp 18,84,10,6,14,18,33,19,46,36,38,37,42,41,43,43,48,14,14,14,14,14,14,14,
13,9,15,16,21,17,26,16,16,20,18,16,12,0,0,-18,-8,-14,0,-9,0,0,0,0,0,-24,-8,-33,
-6,-165,-202,-297,-307,-315,-266,-412,-397,-346,-196,-170,-172,-346,-368,-692,
-688]} 1. Nf3 Nf6 2. d4 g6 3. Nbd2 Bg7 4. e4 d6 5. c3 O-O 6. Be2 Nc6 7. O-O e5
8. dxe5 Nxe5 9. Nxe5 dxe5 10. Qc2 Qe7 {B07: Pirc Defence: Miscellaneous
Systems.} 11. Nc4 b6 12. Bg5 {[#]} Ba6 $146 {The position is equal.} ({
Predecessor:} 12... Bb7 13. f3 a5 14. a4 Rfd8 15. Kh1 h6 16. Bh4 Ba6 17. Ne3
Bxe2 18. Qxe2 Rd6 {1-0 (51) Ganguly,S (2595)-Pichot,A (2480) Caleta 2015}) 13.
Ne3 Bxe2 14. Qxe2 Qe6 15. f3 h6 16. Bh4 Nh5 17. Qc4 Qxc4 18. Nxc4 f6 19. Rfd1
Rfd8 20. b4 Nf4 21. Kf1 Kf8 22. Bf2 Ke8 23. g3 Ne6 24. Ke2 Rxd1 25. Rxd1 Rd8
26. Ra1 h5 27. Be3 f5 28. Bd2 Bf6 29. a4 {[%cal Ba2a4,Ba4a5][%mdl 32]} a6 30.
Be3 Rd7 31. a5 b5 32. Nb2 f4 33. Bf2 g5 34. c4 c6 35. Rc1 $2 {[#] Now White is
beyond hope.} (35. cxb5 $11 {and White has nothing to worry.} cxb5 36. Nd3)
35... g4 $19 36. fxg4 (36. cxb5 $142 cxb5 37. Rd1) 36... hxg4 37. cxb5 cxb5 38.
Nd3 (38. Nd1 {keeps fighting.} Be7 39. Bb6) 38... f3+ 39. Kd2 Ng5 (39... Bg5+
$142 40. Be3 Rd4) 40. Re1 Rh7 41. h4 {[#]} (41. Bg1 {only move.}) 41... gxh3
42. Bc5 $2 (42. Nc5 Rh6 43. Rh1) 42... f2 {Weighted Error Value: White=0.36/
Black=0.11} (42... h2 $2 43. Nf2 $19) 0-1

[Event "FIDE Chesscom Grand Swiss 2021"]
[Site "Riga"]
[Date "2021.11.03"]
[Round "7.17"]
[White "Hovhannisyan, Robert"]
[Black "Artemiev, Vladislav"]
[Result "1/2-1/2"]
[WhiteElo "2622"]
[BlackElo "2699"]
[Annotator "TA"]
[PlyCount "60"]
[EventDate "2021.10.27"]
[EventType "swiss"]
[EventCountry "LAT"]
[Tiebreak "Cut1 Buchholz+Sonneborn-Berger (Swiss)"]
[SourceTitle "playchess.com"]
[Source "ChessBase"]
[SourceQuality "1"]

{[%evp 12,60,14,20,20,16,16,16,16,16,25,17,15,14,16,17,56,59,54,55,98,86,105,
93,83,90,116,104,109,35,35,15,24,0,0,0,0,0,0,0,0,0,0,0,0,0,0,0,0,0,0]} 1. e4 c6
2. d4 d5 3. e5 Bf5 4. Nf3 e6 5. Be2 Ne7 6. O-O c5 7. dxc5 Nec6 {B12: Caro-Kann:
Advance Variation.} 8. Be3 Nd7 9. c4 dxc4 10. Na3 {[%cal Bb1a3,Ba3c4,Bc4d6]
[%mdl 32]} Bxc5 11. Nxc4 {aiming for Bxc5. is cutting edge theory.} O-O 12.
Bxc5 Nxc5 13. Qc1 Bd3 {[#]} 14. Rd1 $1 {Hoping for Qe3.} Bxe2 15. Rxd8 {[#]}
Raxd8 $146 ({Predecessor:} 15... Rfxd8 16. Nd6 Nd3 17. Qe3 Bxf3 18. Qxd3 Nxe5
19. Qe3 Rxd6 20. Qxe5 Rd5 21. Qe3 Bh5 {1-0 (78) Scuderi,D (2275)-Ignatov,B 
(2243) ICCF email 2017}) 16. Nd6 b6 17. Qe3 Bxf3 18. gxf3 Nb4 {Threatening ...
Nc2.} 19. Qd2 a5 20. Rd1 (20. a3 $16 Nd5 21. Rd1) 20... Nxa2 $14 21. Kh1 Nb4
22. Rg1 Nbd3 {The position is equal.} 23. Rxg7+ Kxg7 24. Qg5+ Kh8 25. Qf6+ Kg8
{[#] Threatens to win with ...h6.} 26. Qg5+ Kh8 {Black wants to play ...Nxe5!}
27. Qf6+ Kg8 28. Qg5+ Kh8 {White should prevent ...Nxe5!} 29. Qf6+ Kg8 {
White must now prevent ...h6.} 30. Qg5+ Kh8 {Weighted Error Value: White=0.07/
Black=0.08} 1/2-1/2

[Event "FIDE Chesscom Grand Swiss 2021"]
[Site "Riga"]
[Date "2021.11.03"]
[Round "7.18"]
[White "Tabatabaei, M. Amin"]
[Black "Eljanov, Pavel"]
[Result "1/2-1/2"]
[WhiteElo "2639"]
[BlackElo "2691"]
[Annotator "TA"]
[PlyCount "87"]
[EventDate "2021.10.27"]
[EventType "swiss"]
[EventCountry "LAT"]
[Tiebreak "Cut1 Buchholz+Sonneborn-Berger (Swiss)"]
[SourceTitle "playchess.com"]
[Source "ChessBase"]
[SourceQuality "1"]

{[%evp 17,87,14,22,0,0,0,20,8,5,1,0,0,24,0,0,0,22,0,0,-9,0,-7,-12,-24,-2,0,7,0,
12,-8,10,-4,-4,-5,-14,-18,-12,-19,0,-35,-42,-47,-31,-44,-22,-60,-52,-45,0,-41,
-61,-45,-23,-23,-22,-15,-27,-15,-10,-16,0,0,0,0,0,0,0,0,0,0,0,0]} 1. e4 e5 2.
Nf3 Nc6 3. Bb5 Nf6 4. O-O Nxe4 5. d4 Nd6 6. Bxc6 dxc6 7. dxe5 Nf5 8. Qxd8+ Kxd8
9. Nc3 Be7 {[#]} 10. a4 $146 {C67: Ruy Lopez: Berlin Defence: 4 0-0 Nxe4.} ({
Predecessor:} 10. Rd1+ Ke8 11. g4 Nh4 12. Nxh4 Bxh4 13. f3 h5 14. h3 hxg4 15.
hxg4 f6 16. exf6 gxf6 17. Bf4 f5 18. g5 Rh5 {1/2-1/2 (42) Shankland,S (2714)
-So,W (2778) Saint Louis 2021}) 10... Nh4 11. Rd1+ Ke8 12. Nd4 Nf5 13. Nde2 a5
14. Ne4 Nh4 15. Nd4 Nf5 16. Ne2 Nh4 17. Nd4 Nf5 18. Nf3 Be6 19. h3 (19. b3 {
with more complications.} Rd8 20. Bf4 Bd5 21. Ned2 h5 22. e6) 19... Bd5 20. Re1
b6 21. Bf4 Kd7 22. Rad1 Kc8 23. b3 h5 24. c4 (24. Neg5 {is more complex.} Bb4
25. Bd2 Kb7 26. c3 Bc5 27. c4) 24... Be6 25. Neg5 (25. Nfg5 {is interesting.}
Bxg5 26. Nxg5 c5 27. Be3 Kb7 28. f3) 25... Bxg5 26. Nxg5 c5 27. Rd3 Kb7 28. g4
Nd4 29. f3 Raf8 30. Kg2 Bc8 31. Ne4 Re8 32. Bg3 Bd7 33. Nc3 Bc6 34. Ne2 Ne6 35.
Nf4 Rd8 {[#] Threatens to win with ...Nxf4+.} 36. Red1 hxg4 37. hxg4 {White
wants to play Nxe6.} Nd4 {The position is equal.} 38. Bf2 {[%cal Rf2d4]} ({
But not} 38. Ne2 Nxf3 39. Rxd8 Nd4+ 40. Rd5 Nxe2 $17) 38... Rhe8 39. Bxd4 cxd4
40. Rxd4 Rxd4 41. Rxd4 Rxe5 {[#] Hoping for ...Re3.} 42. Kf2 Kc8 43. Nh5 g5 44.
Nf6 {Weighted Error Value: White=0.07/Black=0.06} 1/2-1/2

[Event "FIDE Chesscom Grand Swiss 2021"]
[Site "Riga"]
[Date "2021.11.03"]
[Round "7.19"]
[White "Wojtaszek, Radoslaw"]
[Black "Kuzubov, Yuriy"]
[Result "1/2-1/2"]
[WhiteElo "2691"]
[BlackElo "2624"]
[Annotator "TA"]
[PlyCount "114"]
[EventDate "2021.10.27"]
[EventType "swiss"]
[EventCountry "LAT"]
[Tiebreak "Cut1 Buchholz+Sonneborn-Berger (Swiss)"]
[SourceTitle "playchess.com"]
[Source "ChessBase"]
[SourceQuality "1"]

{[%evp 9,114,14,25,25,25,27,30,18,27,35,26,18,22,20,22,23,30,18,25,21,19,16,19,
16,16,14,15,10,62,59,58,76,54,60,84,27,77,46,72,68,64,64,64,64,64,64,64,64,64,
64,64,64,64,64,64,64,64,64,64,64,75,75,77,77,79,47,47,47,53,9,13,0,0,0,0,0,0,0,
0,0,0,0,0,0,0,0,0,0,0,0,0,0,0,0,0,0,0,0,0,0,0,0,-28000,-28000,-28000,-28000,
-28000]} 1. d4 Nf6 2. c4 e6 3. Nf3 d5 4. Nc3 Nbd7 5. Qc2 c5 6. cxd5 {D37:
Queen's Gambit Declined: 5 Bf4.} Nxd5 7. Nxd5 exd5 8. e3 {[#] White has an
edge.} Bd6 $146 ({Predecessor:} 8... Be7 9. Be2 O-O 10. O-O b6 11. b3 Bb7 12.
Bd3 h6 13. Bb2 Rc8 14. Qe2 Rc7 {0-1 (74) Lauber,A (2517)-Stern,R (2501)
Germany 2010}) 9. b3 O-O 10. Bd3 h6 11. Bb2 b6 12. O-O Bb7 13. Rfd1 Rc8 14.
dxc5 bxc5 15. Bh7+ Kh8 16. Bf5 Rc7 17. e4 d4 18. b4 {With the idea bxc5.} Qe7 (
18... Re8 $11) 19. bxc5 $1 $14 Nxc5 {[%cal Rb7e4]} ({But not} 19... Rxc5 $2 20.
Qd3 $18) 20. Qd2 Ne6 21. Nxd4 Rd8 {[#]} 22. Qe3 (22. Qe2 $1 $16) 22... Bf4 23.
Qf3 {Threatens to win with Nxe6.} (23. Qb3 {looks sharper.} Nc5 24. Qf3 Be5 25.
Nb5 Bxe4 26. Rxd8+ Qxd8 27. Rd1) 23... Nxd4 24. Rxd4 Rxd4 25. Qxf4 Qd6 26. Qxd6
$1 Rxd6 27. Be5 Rdc6 {[#] ( -> ...Rc1+)} 28. Bxc7 Rxc7 {[%mdl 4096] Endgame
KRB-KRB} 29. f3 g6 30. Bh3 Bc8 31. Bxc8 Rxc8 {KR-KR} 32. Rd1 Kg7 33. Rd2 Rc3
34. Kf2 g5 35. Kg3 Ra3 36. h4 Kg6 37. hxg5 hxg5 38. Kg4 f6 39. g3 Kf7 40. f4
gxf4 41. gxf4 {And now Kf5 would win.} Ke6 42. Rc2 f5+ 43. exf5+ Kf6 44. Rg2
Ra4 45. Rc2 Ra3 46. Rc6+ Kf7 47. f6 Kg6 48. f5+ Kf7 49. Kg5 (49. Rc1 {keeps
more tension.} Kxf6 50. Rc2 Ra4+ 51. Kf3 Kxf5) 49... Rg3+ 50. Kf4 Ra3 51. Kg5
Rg3+ 52. Kf4 Ra3 53. Rc2 (53. Ke5 {with more complications.} Ra5+ 54. Ke4 Ra3
55. Kd5 a5 56. Ke5) 53... Kxf6 54. Ke4 Ra4+ 55. Kd5 $2 {[%mdl 8192]} (55. Kd3
$11) 55... Kxf5 56. Rf2+ Kg5 57. Kc5 a6 {[%mdl 32768] Weighted Error Value:
White=0.04/Black=0.05. An unexpected result.} 1/2-1/2

[Event "FIDE Chesscom Grand Swiss 2021"]
[Site "Riga"]
[Date "2021.11.03"]
[Round "7.20"]
[White "Kryvoruchko, Yuriy"]
[Black "Jobava, Baadur"]
[Result "1-0"]
[WhiteElo "2686"]
[BlackElo "2582"]
[Annotator "TA"]
[PlyCount "63"]
[EventDate "2021.10.27"]
[EventType "swiss"]
[EventCountry "LAT"]
[Tiebreak "Cut1 Buchholz+Sonneborn-Berger (Swiss)"]
[SourceTitle "playchess.com"]
[Source "ChessBase"]
[SourceQuality "1"]

{[%evp 16,63,8,6,18,18,18,12,10,12,18,17,14,16,41,41,35,43,149,138,130,137,222,
197,222,228,199,217,386,384,383,375,354,372,267,172,456,454,502,515,499,491,
953,900,886,612,1976,1580,1244,1223]} 1. e4 c5 2. Nf3 e6 3. d4 cxd4 4. Nxd4 Nf6
5. Nc3 Nc6 6. Nxc6 bxc6 7. e5 Nd5 8. Ne4 Qc7 9. f4 Rb8 {B45: Sicilian Four
Knights.} 10. a3 Qb6 11. c4 Ne3 {The position is equal.} 12. Qd3 {[%cal Rd3e3]}
Nxf1 13. Rxf1 {[#]} c5 $146 ({Predecessor:} 13... Qb3 14. Nc3 c5 15. f5 Bb7 16.
Bg5 Bxg2 17. fxe6 fxe6 18. Rd1 Bc6 19. Rf2 Qb7 {1-0 (52) Fier,A (2560)
-Pridorozhni,A (2597) Chess.com INT 2020}) 14. Bd2 d5 15. exd6 {Strongly
threatening Bc3.} f5 16. Ng5 $36 {[%mdl 2048] White has some pressure.} h6 {
[#] White now steadily converts the win.} (16... Bxd6 $14 17. Bc3 h6) 17. Qh3
$1 $16 {Black must now prevent Qh5+.} Rg8 {[#]} (17... Qxb2 $2 18. Qh5+ Kd7 19.
Qf7+ Kxd6 20. Rd1 $18) 18. Bc3 $1 Qb3 {[#]} (18... hxg5 $2 19. Qh5+ (19. Qh7
Kf7 $11) 19... Kd7 20. O-O-O $18) (18... Rb7 $16 {might work better.}) (18...
Rb7 19. Nf3) 19. Rd1 $1 Qxc4 {[#]} ({Don't blunder} 19... hxg5 $2 20. Qh7 $18)
20. Rf2 $1 {Nf3 is the strong threat.} Rb6 {[#]} ({Not} 20... hxg5 $2 21. Qh5+
g6 22. Qh7 $18) 21. Be5 $1 Kd7 $2 ({Don't go for} 21... hxg5 $2 22. Qh5+ g6 23.
Qh7 $18) (21... Bd7) (21... Bd7 22. Qh5+) 22. Nf7 $18 Ba6 23. Qe3 Qe4 24. Qxe4
fxe4 25. Rc2 Rc6 {[#]} (25... Rb7 {was necessary.} 26. Rxc5 Ke8) 26. b4 $1 {
[%cal Bb2b4,Bb4c5,Bc5c6,Bc6c7][%mdl 32] White is clearly winning.} Bd3 27. Rxc5
Rxc5 28. bxc5 Ke8 {[#]} (28... h5 $142 29. c6+ {[%mdl 64] Decoy, Promotion}
Kxc6 30. Rc1+ Kd5) 29. c6 $1 Kxf7 (29... Bxd6 30. Nxd6+) 30. d7 Bxa3 {[#]
aiming for ...Bb4+.} 31. Rxd3 $1 {[%mdl 576] Promotion} exd3 (31... Bb4+ 32.
Kd1) 32. c7 {Weighted Error Value: White=0.04/Black=0.43} 1-0